Fiscala̕ General del Estado

Bibliographic Details
Format: eBook
Language:Spanish
Published: Barcelona : vLex
Subjects:
Online Access:Acceso restringido

MARC

LEADER 00000nam a22000007a 4500
005 20120127140939.0
007 cr|||| ||||
008 120127c19089999sp |||||s|||| 0|||b spa d
035 |a 533 
040 |a vLex 
090 |c 2960  |d 2960 
245 0 0 |a Fiscala̕ General del Estado  |h [Recurso electrn̤ico]  
256 |a Servicio en ln̕ea 
260 |a Barcelona :  |b vLex 
300 |a 1 recurso electrn̤ico 
500 |a Sentencias de la Fiscala̕ general del Estado desde 1908 hasta la actualidad. 
506 1 |a Contenido solo disponible en los productos indicados  |d vLex Global   |d vLex Global (Academic Edition, excluding Law Schools)   |d vLex Global (U.S. Academic Edition, Law Schools)   |d vLex Global (U.S. Academic Edition, excluding Law Schools)   |d vLex Global (Academic Edition, Law Schools)  
610 1 4 |a Espaą  |b Fiscala̕ General del Estado 
650 0 4 |a Instrucciones 
650 0 4 |a Circulares 
650 0 4 |a Consultas 
740 0 |a vLex Jurisprudencia (Servicios en ln̕ea) 
856 4 0 |u http://vlex.com/source/circulares-fiscalia-general-estado-533  |z Acceso restringido 
942 |c TR 
999 0 |a Jurisprudence  |b Spain